00648nam a2200229Ia 450000100060000000300090000600800410001504000130005604000130006904100130008210000190009510000290011424500460014324500310018925000110022026000110023126000170024226000490025930000570030865000220036565000310038720020IT-RoPAU130308s9999 xx 000 0 und d aIT-RoPAU cIT-RoPAU aITALIANO aCarano Ranieri gCodice Aut. SPICS: 8451 aStirpe di Busch (La): i Katzenjammer kids bEnciclopedia del Fumetto-1 a1a ed. aMILANO bMilano Libri c1969 [1° Ed.:1969 - Ed.Ling.Originale:1965] a"13 p. (prefazione: no ; testo: 13 [pagine: 17-29])" aSAGGI SUL FUMETTO eCodice materia Spics: 6711